La tierra prometida
Saved in:
| Hovedforfatter: | |
|---|---|
| Format: | Bog |
| Sprog: | spansk |
| Udgivet: |
Buenos Aires
s.n
1959
|
| Serier: | Cuadernos Bíblicos
|
| Fag: | |
| Tags: |
Tilføj Tag
Ingen Tags, Vær først til at tagge denne postø!
|
MARC
| LEADER | 00000nam a2200000 a 4500 | ||
|---|---|---|---|
| 001 | UCL3928 | ||
| 003 | CL-VaPUC | ||
| 008 | 031219e19590000ag |||||||||||||||||spa|d | ||
| 082 | 0 | 4 | |a 220.91 |b LOR |2 21 |
| 100 | |a Lorenzi, J. L. |e autor |9 481357 | ||
| 245 | 1 | 3 | |a La tierra prometida |
| 300 | |a 62 p | ||
| 942 | |c BK | ||
| 945 | |d 20031219 00:00:00 |a vberengu | ||
| 260 | |a Buenos Aires |b s.n |c 1959 | ||
| 650 | 0 | |a Geografía bíblica |9 313694 | |
| 650 | 0 | |a Biblia |9 257603 | |
| 490 | 0 | |a Cuadernos Bíblicos | |
| 999 | |c 306893 |d 306891 | ||
| 583 | |k Rodrigo Vera | ||
| 952 | |0 0 |1 0 |4 0 |6 220_910000000000000_LOR_1959 |7 0 |8 A |9 372316 |a BIBTEO |b BIBTEO |d 2019-11-21 |i 2097656 |o 220.91 LOR 1959 |p 2097656 |r 2025-01-17 |w 2019-11-21 |y BK |k ICR | ||